Court of Appeal Criminal Appeal No. 23 OF 1996 Katunda Justus Vs Uganda (Record no. 2785)
[ view plain ]
| 000 -LEADER | |
|---|---|
| fixed length control field | 00555nam a22001217a 4500 |
| 008 - FIXED-LENGTH DATA ELEMENTS--GENERAL INFORMATION | |
| fixed length control field | 110613t xxu||||| |||| 00| 0 eng d |
| 010 ## - LIBRARY OF CONGRESS CONTROL NUMBER | |
| LC control number | CACAF39 |
| 245 ## - TITLE STATEMENT | |
| Title | Court of Appeal Criminal Appeal No. 23 OF 1996 Katunda Justus Vs Uganda |
| 260 ## - PUBLICATION, DISTRIBUTION, ETC. (IMPRINT) | |
| Date of publication, distribution, etc | 1996 |
| 500 ## - GENERAL NOTE | |
| General note | Coram: Hon. Justice Manyindo, DCJ., Hon. Justice Mukasa-Kikonyogo, J., & Hon. Justice Lugayizi, J |
| 500 ## - GENERAL NOTE | |
| General note | Arising from Cr. Ses. Case No. 274/95 by Hon. Justice Engoda-Ntende dated 8/1/96 |
| Withdrawn status | Lost status | Source of classification or shelving scheme | Damaged status | Koha normalized classification for sorting | Not for loan | Location (home branch) | Sublocation or collection (holding branch) | Shelving location | Date acquired | Koha issues (times borrowed) | Koha full call number | Piece designation (barcode) | Koha date last seen | Price effective from | Koha item type |
|---|---|---|---|---|---|---|---|---|---|---|---|---|---|---|---|
| Dewey Decimal Classification | CACA_F_39 | Law Development Centre Main Library | Law Development Centre Main Library | Law Reports | 06/13/2011 | CACA F_39 | 23/1996/1 | 06/13/2011 | 06/13/2011 | Un Reported Cases |
